[Event "XVI Open"]
[Site "Crema ITA"]
[Date "2015.09.04"]
[Round "1"]
[White "Bevilacqua, Maurizio"]
[Black "Acunzo, Domenico"]
[WhiteElo "2074"]
[BlackElo "1696"]
[Result "1-0"]
[PlyCount "79"]
[EventDate "2015.09.04"]

1. d4 e6 2. c4 f5 3. g3 Nf6 4. Bg2 d5 5. Nh3 Bd6 6. Nc3 c6 7. cxd5 exd5 8. Bf4
O-O 9. O-O Na6 10. Bxd6 Qxd6 11. Nf4 Nc7 12. e3 Ne6 13. Nd3 Ng4 14. Qd2 Bd7 15.
b4 Rae8 16. f3 Nf6 17. Rab1 Bc8 18. Ne5 Nh5 19. f4 Nf6 20. b5 Ne4 21. Nxe4 fxe4
22. bxc6 bxc6 23. Rfc1 c5 24. dxc5 Nxc5 25. Qb4 Nb7 26. Qd4 Rd8 27. Qxa7 d4 28.
exd4 g5 29. Rd1 gxf4 30. Bxe4 fxg3 31. hxg3 Qh6 32. Rb3 Nd6 33. Bg2 Nf5 34. d5
Qd6 35. g4 Qxe5 36. gxf5 Rxf5 37. Qd4 Qc7 38. d6 Qc2 39. Rg3+ Kf8 40. Qg7+ 1-0

[Event "XVI Open"]
[Site "Crema ITA"]
[Date "2015.09.04"]
[Round "1"]
[White "Biava, Pierluigi"]
[Black "Rossini, Fulvio"]
[WhiteElo "1572"]
[BlackElo "1964"]
[Result "0-1"]
[PlyCount "30"]
[EventDate "2015.09.04"]

1. d4 Nf6 2. c4 g6 3. Nc3 Bg7 4. e4 d6 5. f3 b6 6. Be3 c5 7. Qa4+ Bd7 8. Qc2
cxd4 9. Bxd4 Nc6 10. Be3 O-O 11. a3 Rc8 12. Rc1 Ne5 13. b3 a6 14. Qf2 Rb8 15.
Nge2 Nd3+ 0-1

[Event "XVI Open"]
[Site "Crema ITA"]
[Date "2015.09.04"]
[Round "1"]
[White "Bontempi, Piero"]
[Black "Bongiorni, Gabriele"]
[WhiteElo "2364"]
[BlackElo "1817"]
[Result "1-0"]
[PlyCount "93"]
[EventDate "2015.09.04"]

1. e4 c5 2. b3 d6 3. Bb2 Nc6 4. Bb5 Bd7 5. f4 a6 6. Bxc6 Bxc6 7. Qe2 Nf6 8. Nc3
e6 9. Nf3 Be7 10. O-O-O b5 11. e5 b4 12. exf6 bxc3 13. dxc3 Bxf6 14. f5 e5 15.
c4 O-O 16. Nd2 e4 17. Qg4 Bxb2+ 18. Kxb2 Qf6+ 19. c3 Rfe8 20. Rhe1 Re5 21. Nxe4
Bxe4 22. Rxe4 Rxf5 23. Re2 h5 24. Qe4 Rd8 25. Qc6 Rf2 26. Rdd2 Rf1 27. Qc7 a5
28. Qxa5 Rf8 29. Qa6 Qf5 30. Rc2 Rd1 31. Red2 Rh1 32. Rc1 Rxh2 33. Qxd6 Qg5 34.
Rcc2 Rh1 35. Rd1 Rxd1 36. Qxd1 Rd8 37. Qf3 Rd2 38. a4 h4 39. a5 Qd8 40. a6
Rxc2+ 41. Kxc2 Qa5 42. Qa8+ Kh7 43. Kb2 Qc7 44. a7 Qf4 45. Qd5 Qf2+ 46. Ka3 Qg1
47. Qh5+ 1-0

[Event "XVI Open"]
[Site "Crema ITA"]
[Date "2015.09.04"]
[Round "1"]
[White "Casartelli, Fabio"]
[Black "Vuelban, Virgilio"]
[WhiteElo "1816"]
[BlackElo "2327"]
[Result "0-1"]
[PlyCount "54"]
[EventDate "2015.09.04"]

1. d4 Nf6 2. Nf3 g6 3. e3 Bg7 4. Be2 c5 5. O-O O-O 6. Nbd2 d6 7. c3 Nc6 8. e4
cxd4 9. cxd4 d5 10. e5 Ne4 11. Nb3 a5 12. Be3 a4 13. Nbd2 a3 14. Qb3 axb2 15.
Qxb2 f6 16. Nxe4 dxe4 17. Qb3+ Kh8 18. Nd2 Nxd4 19. Bxd4 Qxd4 20. exf6 exf6 21.
Rad1 Qa4 22. Qd5 f5 23. Bc4 Qb4 24. Rb1 Qe7 25. Nb3 Rxa2 26. Nc5 Ra5 27. Rfd1
Rxc5 0-1

[Event "XVI Open"]
[Site "Crema ITA"]
[Date "2015.09.04"]
[Round "1"]
[White "Castrogiovanni, Carlo"]
[Black "Takahashi, Saera"]
[WhiteElo "1956"]
[BlackElo "1545"]
[Result "1-0"]
[PlyCount "89"]
[EventDate "2015.09.04"]

1. d4 Nf6 2. c4 e6 3. Nf3 d5 4. Nc3 Be7 5. Bf4 c6 6. e3 h6 7. Bd3 Nbd7 8. h3 a6
9. Rc1 O-O 10. O-O Re8 11. a3 Nf8 12. b4 Bd6 13. Ne5 dxc4 14. Bxc4 Nd5 15. Bh2
Nh7 16. Ne4 Bc7 17. Qh5 Qe7 18. Nc5 Nhf6 19. Qe2 Ne4 20. Nxe4 f6 21. Nf3 f5 22.
Nc5 Rf8 23. Bxc7 Qxc7 24. Ne5 b5 25. Bb3 a5 26. Ncd3 Bd7 27. Nxd7 Qxd7 28. Ne5
Qe8 29. Rxc6 axb4 30. Bxd5 exd5 31. axb4 Ra4 32. Qxb5 Qa8 33. Qxd5+ Kh7 34. Qc5
Ra1 35. Rxa1 Qxa1+ 36. Kh2 Ra8 37. Qc1 Qa2 38. Qc2 Qa7 39. Qxf5+ Kg8 40. b5 Rf8
41. Rc8 Rxc8 42. Qxc8+ Kh7 43. Qf5+ Kg8 44. Qf7+ Qxf7 45. Nxf7 1-0

[Event "XVI Open"]
[Site "Crema ITA"]
[Date "2015.09.04"]
[Round "1"]
[White "Colonetti, Fabio"]
[Black "De Palma, Fabrizio"]
[WhiteElo "1712"]
[BlackElo "2076"]
[Result "0-1"]
[PlyCount "86"]
[EventDate "2015.09.04"]

1. e4 c6 2. d4 d5 3. f3 dxe4 4. fxe4 e5 5. Nf3 Bg4 6. Bc4 Nd7 7. O-O Ngf6 8.
Nc3 exd4 9. Ne2 Bc5 10. Kh1 O-O 11. Bg5 Qb6 12. Nfxd4 Nxe4 13. Bh4 Ne5 14. Bb3
Ng6 15. Be1 Bxd4 16. Qxd4 Bxe2 17. Qxb6 axb6 18. Rf5 Bg4 19. Rf1 c5 20. Bd5 Nd6
21. Bg3 Rad8 22. Bxd6 Rxd6 23. Bxb7 Rfd8 24. h3 Be2 25. Rfe1 Rd1 26. Kg1 Rxa1
27. Rxa1 Rd1+ 28. Rxd1 Bxd1 29. c3 Bc2 30. Kf2 Kf8 31. Ke3 Ke7 32. b3 Ne5 33.
Bc8 Bb1 34. a3 Bc2 35. Kf4 Ng6+ 36. Ke3 Bxb3 37. Ke4 f6 38. Bf5 Bc2+ 39. Kd5
Bxf5 40. Kc6 Be4+ 41. Kxb6 Kd6 42. g3 Ne7 43. a4 Nd5+ 0-1

[Event "XVI Open"]
[Site "Crema ITA"]
[Date "2015.09.04"]
[Round "1"]
[White "Finelli, Carmine"]
[Black "Tahiraj, Almir"]
[WhiteElo "1385"]
[BlackElo "1855"]
[Result "0-1"]
[PlyCount "90"]
[EventDate "2015.09.04"]

1. e4 c6 2. Bc4 d5 3. exd5 cxd5 4. Bb3 Nf6 5. d4 Nc6 6. h3 Bf5 7. c3 e6 8. Bg5
Be7 9. Nf3 Qc7 10. Ba4 O-O 11. Bxc6 bxc6 12. O-O h6 13. Bh4 c5 14. Nbd2 a5 15.
Re1 a4 16. b3 axb3 17. Nxb3 c4 18. Bg3 Qb6 19. Nbd2 Ra3 20. Nb1 Bxb1 21. Qxb1
Qxb1 22. Rexb1 Rxc3 23. a4 Ra8 24. a5 Ne4 25. Rb8+ Rxb8 26. Bxb8 Rb3 27. Bc7 c3
28. a6 c2 29. Rc1 Ra3 30. Rxc2 Rxa6 31. Bf4 g5 32. Rc8+ Kg7 33. Rc7 gxf4 34.
Rxe7 Kf8 35. Rc7 Ra1+ 36. Kh2 Nxf2 37. g3 fxg3+ 38. Kxg3 Ne4+ 39. Kf4 f6 40.
Rh7 Rf1 41. Ke3 Rxf3+ 42. Ke2 Rxh3 43. Rh8+ Kg7 44. Re8 Ng5 45. Re7+ Kg6 0-1

[Event "XVI Open"]
[Site "Crema ITA"]
[Date "2015.09.04"]
[Round "1"]
[White "Formento, Paolo"]
[Black "Grillo, Francesco"]
[WhiteElo "2212"]
[BlackElo "1806"]
[Result "1-0"]
[PlyCount "77"]
[EventDate "2015.09.04"]

1. d4 Nf6 2. Nf3 e6 3. g3 b6 4. Bg2 Bb7 5. O-O c5 6. c4 cxd4 7. Nxd4 Bxg2 8.
Kxg2 Be7 9. Nc3 O-O 10. e4 Nc6 11. Nxc6 dxc6 12. e5 Qxd1 13. Rxd1 Ng4 14. Re1
Bb4 15. h3 Nh6 16. Bxh6 gxh6 17. Red1 Rfd8 18. Ne4 Be7 19. Kf3 Kg7 20. g4 f5
21. gxf5 exf5 22. Nd6 Bxd6 23. Rxd6 Rxd6 24. exd6 Rd8 25. Rd1 Rd7 26. Kf4 Kf6
27. b4 c5 28. bxc5 bxc5 29. f3 Ke6 30. Re1+ Kf6 31. Rd1 Ke6 32. Rd5 Rf7 33. d7
Rxd7 34. Rxd7 Kxd7 35. Kxf5 Kd6 36. Kf6 a6 37. a4 a5 38. h4 h5 39. f4 1-0

[Event "XVI Open"]
[Site "Crema ITA"]
[Date "2015.09.04"]
[Round "1"]
[White "Gnata, Ilaria"]
[Black "Colombo, Luca"]
[WhiteElo "1294"]
[BlackElo "1836"]
[Result "1-0"]
[PlyCount "69"]
[EventDate "2015.09.04"]

1. e4 c5 2. c3 d5 3. exd5 Qxd5 4. Nf3 Nc6 5. d4 cxd4 6. Nxd4 Nf6 7. f3 Nxd4 8.
Qxd4 e5 9. Qxd5 Nxd5 10. Bb5+ Bd7 11. Bxd7+ Kxd7 12. c4 Nb6 13. b3 Bc5 14. Nc3
Rad8 15. Bd2 Kc8 16. O-O-O Rd7 17. Rhe1 f6 18. f4 Bd6 19. Nb5 Bb8 20. fxe5 fxe5
21. Be3 Rhd8 22. Rxd7 Rxd7 23. Rf1 Rd8 24. Rf7 Rg8 25. Bc5 Nd7 26. Bxa7 Bxa7
27. Nxa7+ Kc7 28. Nb5+ Kc6 29. Kd2 h6 30. Ke3 Nf6 31. h3 Nd7 32. Re7 Nc5 33.
Rxe5 Rd8 34. Nd4+ Kd6 35. Rd5+ 1-0

[Event "XVI Open"]
[Site "Crema ITA"]
[Date "2015.09.04"]
[Round "1"]
[White "Guanciale, Orazio"]
[Black "Bonoldi, Fabio"]
[WhiteElo "2172"]
[BlackElo "1788"]
[Result "0-1"]
[PlyCount "72"]
[EventDate "2015.09.04"]

1. e4 g6 2. d4 Bg7 3. Nc3 d6 4. f4 a6 5. Nf3 b5 6. Bd3 Nd7 7. O-O Bb7 8. a4 b4
9. Ne2 e6 10. f5 e5 11. dxe5 dxe5 12. Ng3 Ngf6 13. Bg5 O-O 14. Qd2 a5 15. h3
Qe7 16. Bh6 Rfe8 17. Bxg7 Kxg7 18. Kh2 h6 19. fxg6 fxg6 20. Qe3 Ba6 21. Rfd1
Qc5 22. Qe2 Qc6 23. Bb5 Bxb5 24. axb5 Qe6 25. Ne1 c5 26. Rd2 Qe7 27. b3 Nb6 28.
c4 a4 29. bxa4 Rxa4 30. Rxa4 Nxa4 31. Qd3 Nb6 32. Nc2 Ra8 33. Ne3 Kf7 34. Nd5
Nbxd5 35. exd5 Ra1 36. d6 Ng4+ 0-1

[Event "XVI Open"]
[Site "Crema ITA"]
[Date "2015.09.04"]
[Round "1"]
[White "Marinelli, Guido"]
[Black "Masotti, Roberto"]
[WhiteElo "1422"]
[BlackElo "1859"]
[Result "0-1"]
[PlyCount "40"]
[EventDate "2015.09.04"]

1. d3 d5 2. h4 e5 3. f3 Be7 4. Bg5 Bxg5 5. hxg5 Qxg5 6. Rh3 Bxh3 7. Nxh3 Qh4+
8. Nf2 Nc6 9. c3 Nf6 10. Qb3 O-O-O 11. a4 e4 12. Nd2 e3 13. g3 Qxg3 14. Bh3+
Kb8 15. O-O-O exd2+ 16. Rxd2 Qxf2 17. Qd1 Qe3 18. Bf1 Nh5 19. Qe1 Nf4 20. Kd1
h5 0-1

[Event "XVI Open"]
[Site "Crema ITA"]
[Date "2015.09.04"]
[Round "1"]
[White "Menato, Nazario"]
[Black "Distratis, Gianluca"]
[WhiteElo "1529"]
[BlackElo "1955"]
[Result "0-1"]
[PlyCount "40"]
[EventDate "2015.09.04"]

1. Nf3 Nf6 2. c4 g6 3. g3 Bg7 4. Bg2 O-O 5. O-O d6 6. d4 Nbd7 7. Re1 e5 8. dxe5
dxe5 9. e4 c6 10. Nc3 Qc7 11. Bg5 Nc5 12. Qc2 a5 13. Na4 Ne6 14. c5 Nxg5 15.
Nxg5 Nd7 16. Qb3 Qd8 17. h4 Qe7 18. Rac1 Kh8 19. Bh3 h6 20. Nf3 Nxc5 0-1

[Event "XVI Open"]
[Site "Crema ITA"]
[Date "2015.09.04"]
[Round "1"]
[White "Miconi, Francesco"]
[Black "Folcini, Gaddo"]
[WhiteElo "1977"]
[BlackElo "1585"]
[Result "1-0"]
[PlyCount "69"]
[EventDate "2015.09.04"]

1. e4 e5 2. Nf3 d5 3. Nxe5 Nf6 4. exd5 Qxd5 5. Nf3 Bd6 6. Nc3 Qf5 7. Be2 Qg6 8.
O-O Bh3 9. Ne1 Nc6 10. Kh1 Bf5 11. d4 O-O-O 12. Be3 Rhe8 13. Nb5 Be5 14. c3 a6
15. Na3 Nd5 16. Bd3 Nxe3 17. fxe3 Bxd3 18. Qxd3 Qh5 19. Qf5+ Qxf5 20. Rxf5 Bf6
21. Nac2 Ne7 22. Rf3 Nd5 23. Nd3 Bg5 24. Re1 Re7 25. e4 Nf6 26. e5 Nd5 27. Ref1
Rf8 28. g3 h5 29. Rf5 Ne3 30. Nxe3 Bxe3 31. Rxh5 g6 32. Rh7 Kd7 33. Nf4 f5 34.
Rxe7+ Kxe7 35. Nxg6+ 1-0

[Event "XVI Open"]
[Site "Crema ITA"]
[Date "2015.09.04"]
[Round "1"]
[White "Milanesi, Erminio"]
[Black "Migliorini, Matteo"]
[WhiteElo "1791"]
[BlackElo "2182"]
[Result "0-1"]
[PlyCount "86"]
[EventDate "2015.09.04"]

1. g3 g6 2. Nh3 Bg7 3. f3 d5 4. Nf2 e5 5. Bg2 Ne7 6. d3 O-O 7. O-O f5 8. c3 c5
9. Qb3 Nbc6 10. Na3 Kh8 11. Nc2 b6 12. a3 Be6 13. Qa2 Qd7 14. Bd2 f4 15. g4 b5
16. Rad1 a5 17. Qb1 Rfb8 18. b3 b4 19. cxb4 axb4 20. a4 Na5 21. Na1 Rc8 22. Qa2
Qb7 23. e3 g5 24. e4 c4 25. exd5 cxb3 26. Nxb3 Bxd5 27. Nxa5 Rxa5 28. Qb1 Rxa4
29. Ne4 Bxe4 30. dxe4 Nc6 31. Qb3 Qa7+ 32. Kh1 Nd4 33. Qd5 Qa8 34. Qd7 Ra7 35.
Qd5 Qxd5 36. exd5 b3 37. Kg1 Bf8 38. h4 h6 39. hxg5 hxg5 40. Kf2 Ra2 41. Rh1+
Kg7 42. Rh5 Rcc2 43. Ke1 Kg6 0-1

[Event "XVI Open"]
[Site "Crema ITA"]
[Date "2015.09.04"]
[Round "1"]
[White "Nordio, Giorgio"]
[Black "Piana, Bruno"]
[WhiteElo "1856"]
[BlackElo "1410"]
[Result "1-0"]
[PlyCount "67"]
[EventDate "2015.09.04"]

1. c4 e5 2. g3 Nc6 3. Bg2 Nf6 4. Nc3 Bb4 5. d3 Bxc3+ 6. bxc3 O-O 7. e4 d6 8.
Ne2 Be6 9. O-O h6 10. Rb1 Rb8 11. f4 exf4 12. gxf4 Bg4 13. h3 Bd7 14. Ng3 Qc8
15. Kh2 Qd8 16. Rg1 Qe7 17. Nh5 Nxh5 18. Qxh5 Be8 19. Bf1 Kh7 20. f5 f6 21. Qh4
Rg8 22. Bf4 Ne5 23. Be2 Qf8 24. Qf2 g5 25. Bxe5 dxe5 26. Qxa7 Bc6 27. Qe3 Qa3
28. Qd2 Rgd8 29. Rb3 Qc5 30. Qe1 Qe3 31. Rg3 Qf4 32. Kg2 Qxf5 33. Bg4 Qf4 34.
Rf3 1-0

[Event "XVI Open"]
[Site "Crema ITA"]
[Date "2015.09.04"]
[Round "1"]
[White "Oteri, Aldo"]
[Black "Brugo, Marco"]
[WhiteElo "1783"]
[BlackElo "2114"]
[Result "0-1"]
[PlyCount "88"]
[EventDate "2015.09.04"]

1. e4 e6 2. d4 d5 3. Nd2 Nf6 4. e5 Nfd7 5. f4 c5 6. c3 Nc6 7. Ndf3 cxd4 8. cxd4
f6 9. Ne2 Bb4+ 10. Nc3 fxe5 11. fxe5 O-O 12. Bd3 Be7 13. O-O Nb6 14. a3 Bd7 15.
Qc2 h6 16. Be3 Be8 17. Bg6 Nc4 18. Bf2 Qd7 19. Bxe8 Qxe8 20. b4 a6 21. Na4 b6
22. Rfc1 Rc8 23. Nd2 b5 24. Nxc4 dxc4 25. Nc5 Bxc5 26. bxc5 Rd8 27. Qe4 Qd7 28.
Rd1 Qd5 29. Qg6 Ne7 30. Qg4 Nc6 31. Be3 Kh7 32. h4 Rf5 33. h5 Ne7 34. Rf1 Rdf8
35. Rxf5 Rxf5 36. Qh4 Qd7 37. Qe4 Qd5 38. Qc2 Kg8 39. g4 Rf3 40. Re1 Rg3+ 41.
Kh2 Rxg4 42. Qe2 Rh4+ 43. Kg3 Nf5+ 44. Kf2 Rh2+ 0-1

[Event "XVI Open"]
[Site "Crema ITA"]
[Date "2015.09.04"]
[Round "1"]
[White "Palma, Maria"]
[Black "Volpati, Antonio"]
[WhiteElo "1987"]
[BlackElo "1644"]
[Result "1-0"]
[PlyCount "63"]
[EventDate "2015.09.04"]

1. Nf3 Nf6 2. c4 d6 3. d4 g6 4. g3 Bg7 5. Bg2 Nbd7 6. O-O O-O 7. Nc3 c5 8. dxc5
Nxc5 9. Re1 Rb8 10. e4 Bg4 11. h3 Bxf3 12. Qxf3 Nfd7 13. Rd1 Ne5 14. Qe2 Nc6
15. Be3 b6 16. f4 Qc8 17. Rac1 Nd7 18. Nd5 Nc5 19. b4 e6 20. bxc5 exd5 21. cxd5
Nd8 22. cxb6 Qb7 23. Rc7 Qxb6 24. Bxb6 Rxb6 25. Rxa7 Nb7 26. Qc4 Nc5 27. e5
Rfb8 28. exd6 Bf8 29. Qxc5 Bxd6 30. Qc3 Rb5 31. Rd7 Rc5 32. Qf6 1-0

[Event "XVI Open"]
[Site "Crema ITA"]
[Date "2015.09.04"]
[Round "1"]
[White "Perico, Gianvittorio"]
[Black "Cassi, Elisa"]
[WhiteElo "1892"]
[BlackElo "1495"]
[Result "1-0"]
[PlyCount "53"]
[EventDate "2015.09.04"]

1. e4 e5 2. Nf3 Nc6 3. d4 exd4 4. Nxd4 Bc5 5. Be3 Bb6 6. Bc4 d6 7. O-O Nf6 8.
Nxc6 bxc6 9. Bg5 h6 10. Bh4 O-O 11. Nc3 Be6 12. Bd3 Re8 13. Kh1 Bd7 14. f4 Bd4
15. Rb1 Qc8 16. Ne2 Bg4 17. c3 Bb6 18. Bxf6 gxf6 19. Qd2 f5 20. Ng3 fxe4 21.
Nxe4 Qe6 22. Rbe1 Kh8 23. f5 Qe7 24. Qxh6+ Kg8 25. Nf6+ Qxf6 26. Qxf6 Kf8 27.
Qg5 1-0

[Event "XVI Open"]
[Site "Crema ITA"]
[Date "2015.09.04"]
[Round "1"]
[White "Pinna, Ferdinando"]
[Black "Cremonese, Giuseppina"]
[WhiteElo "1862"]
[BlackElo "1437"]
[Result "1-0"]
[PlyCount "45"]
[EventDate "2015.09.04"]

1. e4 e5 2. Nf3 Nc6 3. Bb5 Nf6 4. O-O Be7 5. Re1 O-O 6. c3 d6 7. h3 a6 8. Ba4
d5 9. Bxc6 bxc6 10. Nxe5 Bd6 11. Nxc6 Qe8 12. exd5 Nxd5 13. Rxe8 Rxe8 14. d4
Bf5 15. Nd2 Re6 16. Nf3 Rae8 17. Bd2 Re4 18. Qb3 Nf6 19. Ng5 Re1+ 20. Rxe1 Rf8
21. Ne7+ Kh8 22. Qxf7 Rxf7 23. Nxf7# 1-0

[Event "XVI Open"]
[Site "Crema ITA"]
[Date "2015.09.04"]
[Round "1"]
[White "Popovich, Fabio"]
[Black "Lima, Francesco"]
[WhiteElo "2018"]
[BlackElo "1651"]
[Result "1-0"]
[PlyCount "85"]
[EventDate "2015.09.04"]

1. c4 e5 2. g3 Nc6 3. Nc3 Nf6 4. Bg2 b6 5. Nf3 Bb7 6. Nxe5 Na5 7. Bxb7 Nxb7 8.
d4 Bb4 9. Qd3 O-O 10. O-O Bxc3 11. Qxc3 h6 12. Bf4 Nh5 13. Be3 Re8 14. c5 d5
15. cxb6 cxb6 16. Rac1 Nd6 17. Qd3 Nf6 18. Rc2 Rc8 19. Rfc1 Rxc2 20. Rxc2 Nd7
21. Nc6 Qa8 22. b3 Nb8 23. Nxb8 Qxb8 24. Bf4 Qd8 25. Bxd6 Qxd6 26. Qf5 Qe7 27.
Qxd5 Rd8 28. Qe5 Qb4 29. d5 Qe1+ 30. Kg2 Qd1 31. Rc7 Rxd5 32. Qe8+ Kh7 33. Qxf7
Qd4 34. Rxa7 Rd6 35. Qc4 Qe5 36. Qc2+ Rg6 37. Qd3 h5 38. Ra4 Qc7 39. Rc4 Qb8
40. Rc6 Qe8 41. Qxg6+ Qxg6 42. Rxg6 Kxg6 43. Kf3 1-0

[Event "XVI Open"]
[Site "Crema ITA"]
[Date "2015.09.04"]
[Round "1"]
[White "Pricop, Alexandru"]
[Black "Righini, Giovanni"]
[WhiteElo "1479"]
[BlackElo "1891"]
[Result "0-1"]
[PlyCount "78"]
[EventDate "2015.09.04"]

1. d4 Nf6 2. c4 g6 3. Nc3 d5 4. Bg5 Ne4 5. Nf3 Nxg5 6. Nxg5 dxc4 7. e3 Bg7 8.
Bxc4 e6 9. Nf3 O-O 10. O-O c5 11. dxc5 Qa5 12. Qb3 Qxc5 13. Rfd1 Nc6 14. Na4
Qb4 15. Rab1 Qxb3 16. Bxb3 b6 17. Rd6 Bb7 18. Rd7 Na5 19. Rbd1 Bc6 20. R7d2
Nxb3 21. axb3 Bd5 22. Rd3 Rac8 23. Nc3 Bxb3 24. R1d2 a5 25. Ne4 Rc1+ 26. Rd1
Rxd1+ 27. Rxd1 Bxd1 28. Nc3 Bxf3 29. gxf3 Bxc3 30. bxc3 a4 31. Kf1 a3 32. Ke2
a2 33. Kd3 a1=Q 34. f4 Qd1+ 35. Kc4 Rc8+ 36. Kb5 Qb3+ 37. Ka6 Ra8+ 38. Kb7 Qd5+
39. Kc7 Ra7+ 0-1

[Event "XVI Open"]
[Site "Crema ITA"]
[Date "2015.09.04"]
[Round "1"]
[White "Pricop, Mihail"]
[Black "Mansueti, Marco"]
[WhiteElo "1440"]
[BlackElo "1862"]
[Result "0-1"]
[PlyCount "78"]
[EventDate "2015.09.04"]

1. d4 d5 2. c4 e6 3. Nc3 Nf6 4. Bg5 Be7 5. e3 Nbd7 6. Nf3 h6 7. Bxf6 Nxf6 8.
cxd5 exd5 9. Bd3 O-O 10. Qc2 Be6 11. O-O Rc8 12. Na4 c6 13. Ne5 Nd7 14. Nxd7
Qxd7 15. f4 Qd6 16. f5 Bd7 17. a3 Bg5 18. Rae1 Rfe8 19. Rf3 Re7 20. Qc5 Qf6 21.
Kf2 b6 22. Qc2 Rce8 23. Qc3 c5 24. Nxc5 bxc5 25. Qxc5 Qc6 26. b4 Qa4 27. b5 Qb3
28. e4 dxe4 29. Bxe4 Qxb5 30. Qc2 Qb6 31. Kg3 Qxd4 32. h4 Bf6 33. Rd3 Qe5+ 34.
Kf3 Bxh4 35. Ree3 Qg3+ 36. Ke2 Rxe4 37. Qc3 Rxe3+ 38. Rxe3 Rxe3+ 39. Qxe3 Bb5+
0-1

[Event "XVI Open"]
[Site "Crema ITA"]
[Date "2015.09.04"]
[Round "1"]
[White "Raimondi, Celso"]
[Black "Giordano, Massimiliano"]
[WhiteElo "1609"]
[BlackElo "1977"]
[Result "0-1"]
[PlyCount "90"]
[EventDate "2015.09.04"]

1. d4 c6 2. c4 d5 3. Nc3 Nf6 4. Nf3 a6 5. e3 b5 6. cxd5 cxd5 7. Bd3 e6 8. O-O
Bd6 9. e4 dxe4 10. Nxe4 Bb7 11. Re1 Nxe4 12. Bxe4 Bxe4 13. Rxe4 O-O 14. b3 Nd7
15. Bb2 Rc8 16. Rc1 Rxc1 17. Qxc1 Qc8 18. Re1 Qb7 19. Qe3 Rc8 20. Rc1 Nf6 21.
h3 Nd5 22. Rxc8+ Qxc8 23. Qc1 Qxc1+ 24. Bxc1 Nc3 25. Bb2 Nxa2 26. Kf1 f6 27.
Ke2 Kf7 28. Ne1 Nb4 29. Nd3 Nxd3 30. Kxd3 Ke7 31. Kc3 a5 32. Kd3 Bb4 33. g4 Kd6
34. Ke4 a4 35. bxa4 bxa4 36. h4 a3 37. Ba1 Bd2 38. h5 Bc1 39. Kd3 Bb2 40. Bxb2
axb2 41. Kc2 Kd5 42. f4 Kxd4 43. g5 fxg5 44. fxg5 Ke3 45. Kxb2 Kd2 0-1

[Event "XVI Open"]
[Site "Crema ITA"]
[Date "2015.09.04"]
[Round "1"]
[White "Ranfagni, Stefano"]
[Black "Marchesotti, Giovanni"]
[WhiteElo "1941"]
[BlackElo "1517"]
[Result "1-0"]
[PlyCount "43"]
[EventDate "2015.09.04"]

1. e4 c6 2. d4 d5 3. exd5 cxd5 4. c4 Nf6 5. Nc3 Nc6 6. Nf3 Bg4 7. Be3 e5 8.
cxd5 Nxd5 9. Bc4 Nxc3 10. bxc3 Be7 11. Qb3 f6 12. O-O-O e4 13. h3 Bh5 14. g4
exf3 15. gxh5 Qa5 16. Bf7+ Kf8 17. h6 g6 18. h4 Qa3+ 19. Kb1 Qxb3+ 20. Bxb3 f5
21. d5 Na5 22. Bd4 1-0

[Event "XVI Open"]
[Site "Crema ITA"]
[Date "2015.09.04"]
[Round "1"]
[White "Riboldi, Raffaele"]
[Black "Maraschi, Alberto"]
[WhiteElo "1839"]
[BlackElo "1347"]
[Result "1-0"]
[PlyCount "73"]
[EventDate "2015.09.04"]

1. d4 c6 2. c4 d5 3. cxd5 cxd5 4. Nc3 Nf6 5. Nf3 Nc6 6. Bf4 Qb6 7. a3 Bf5 8. e3
e6 9. Bb5 a6 10. Qa4 Be7 11. Ne5 Rc8 12. Bxc6+ bxc6 13. O-O O-O 14. b4 Qb7 15.
Rfc1 Nd7 16. Nxd7 Qxd7 17. Qxa6 Ra8 18. Qe2 g5 19. Bg3 Bg6 20. h3 f5 21. Be5
Qe8 22. Nd1 h5 23. f4 h4 24. Nf2 Bh5 25. Qc2 g4 26. Nd3 gxh3 27. gxh3 Kh7 28.
Kh2 Rg8 29. Qf2 Qf7 30. Rg1 Rxg1 31. Rxg1 Kh6 32. Qg2 Bg6 33. Qb2 Bh5 34. Rg7
Qe8 35. Nc5 Bf8 36. Qg2 Be7 37. Rh7+ 1-0

[Event "XVI Open"]
[Site "Crema ITA"]
[Date "2015.09.04"]
[Round "1"]
[White "Romito, Donato"]
[Black "Goldoni, Claudio"]
[WhiteElo "1691"]
[BlackElo "2071"]
[Result "0-1"]
[PlyCount "88"]
[EventDate "2015.09.04"]

1. d4 d5 2. Nf3 e6 3. Bg5 Nf6 4. e3 Be7 5. Bd3 Nbd7 6. Nbd2 b6 7. O-O Bb7 8. c3
O-O 9. Qe2 c5 10. Rad1 Re8 11. Ne5 h6 12. Bh4 Nxe5 13. dxe5 Nd7 14. Bxe7 Qxe7
15. f4 f5 16. exf6 Qxf6 17. Bb5 Re7 18. Ne4 Qf8 19. Qg4 Nf6 20. Nxf6+ Qxf6 21.
Bd3 Rf8 22. h4 Bc6 23. Rd2 c4 24. Bb1 e5 25. Rdf2 e4 26. g3 Bd7 27. Qd1 Qf5 28.
Rh2 h5 29. Bc2 Rf6 30. Kf2 Rg6 31. b3 Bc6 32. bxc4 dxc4 33. Qd8+ Re8 34. Qd1
Ree6 35. Qe2 b5 36. Bd1 Qf6 37. Qb2 Rh6 38. Rg2 Rd6 39. Be2 Qd8 40. Kg1 Rd2 41.
Qa1 Qb6 42. Kf2 Rhd6 43. Rgg1 R6d3 44. Rg2 Rxe2+ 0-1

[Event "XVI Open"]
[Site "Crema ITA"]
[Date "2015.09.04"]
[Round "1"]
[White "Rotoni, Matteo"]
[Black "Pisani, Valerio"]
[WhiteElo "2088"]
[BlackElo "1739"]
[Result "0-1"]
[PlyCount "44"]
[EventDate "2015.09.04"]

1. e4 e6 2. d4 d5 3. e5 c5 4. c3 Nc6 5. Nf3 Nh6 6. Bxh6 gxh6 7. Be2 Bd7 8. O-O
Bg7 9. Na3 a6 10. Nc2 O-O 11. Ne3 b6 12. Qd2 Ne7 13. a4 Ng6 14. g3 h5 15. Ng2
f6 16. Nfh4 Nxh4 17. Nxh4 fxe5 18. dxe5 Bxe5 19. Bxh5 Bf6 20. Ng2 Bc6 21. Ne3
d4 22. Ng2 Qd5 0-1

[Event "XVI Open"]
[Site "Crema ITA"]
[Date "2015.09.04"]
[Round "1"]
[White "Scarabelli, Maurizio"]
[Black "Ventura, Franco"]
[WhiteElo "1739"]
[BlackElo "2088"]
[Result "0-1"]
[PlyCount "54"]
[EventDate "2015.09.04"]

1. e4 d6 2. d4 Nf6 3. Nc3 g6 4. Be3 c6 5. g3 Nbd7 6. Bg2 Bg7 7. h3 e5 8. Nge2
Qc7 9. O-O a6 10. f4 exd4 11. Nxd4 O-O 12. Qd2 Re8 13. Nb3 Nb6 14. Bxb6 Qxb6+
15. Kh2 Rd8 16. Rab1 Be6 17. Nd4 Nxe4 18. Qe1 Qxd4 19. Bxe4 Bc4 20. Qf2 Bxf1
21. Qxf1 d5 22. Bg2 Qc4 23. Qxc4 dxc4 24. Ne4 Re8 25. Bf3 Rad8 26. c3 f5 27.
Nc5 Rd2+ 0-1

[Event "XVI Open"]
[Site "Crema ITA"]
[Date "2015.09.04"]
[Round "1"]
[White "Swannie, Douglas"]
[Black "Persico, Lorenzo"]
[WhiteElo "1872"]
[BlackElo "1443"]
[Result "1-0"]
[PlyCount "51"]
[EventDate "2015.09.04"]

1. Nf3 Nf6 2. c4 d6 3. g3 g6 4. b3 Bg7 5. Bb2 e5 6. d3 O-O 7. Bg2 Re8 8. O-O
Be6 9. Nc3 Nc6 10. Qd2 h6 11. a3 a5 12. Rfd1 Nd7 13. Nd5 Nc5 14. Qc2 b5 15.
cxb5 Bxd5 16. bxc6 Bxb3 17. Qd2 Bxd1 18. Rxd1 Qb8 19. Nh4 Nb3 20. Qc2 a4 21.
Bd5 Ra5 22. Qc4 Rc5 23. Bxf7+ Kh7 24. Qe4 Qd8 25. Nxg6 Qf6 26. Nf8+ 1-0

[Event "XVI Open"]
[Site "Crema ITA"]
[Date "2015.09.04"]
[Round "1"]
[White "Tagliaferri, Valerio"]
[Black "Lazic, Miroljub"]
[WhiteElo "1830"]
[BlackElo "2466"]
[Result "0-1"]
[PlyCount "54"]
[EventDate "2015.09.04"]

1. d4 d5 2. c4 e6 3. Nc3 c6 4. Nf3 Nf6 5. Bg5 h6 6. Bh4 dxc4 7. e4 g5 8. Bg3 b5
9. Be5 Nbd7 10. a4 Bb4 11. Qc2 Bb7 12. Be2 Nxe5 13. dxe5 Nd7 14. h3 a6 15. O-O
Qc7 16. b3 Nxe5 17. Na2 cxb3 18. Qxb3 Be7 19. Nd4 Rd8 20. Rad1 O-O 21. Nxe6
fxe6 22. Qxe6+ Kg7 23. Rxd8 Bxd8 24. f4 Rxf4 25. Rxf4 gxf4 26. axb5 cxb5 27.
Nb4 Qb6+ 0-1

[Event "XVI Open"]
[Site "Crema ITA"]
[Date "2015.09.04"]
[Round "1"]
[White "Tedoldi, Guido"]
[Black "Giuriato, Sergio"]
[WhiteElo "1512"]
[BlackElo "1918"]
[Result "0-1"]
[PlyCount "46"]
[EventDate "2015.09.04"]

1. c4 e6 2. g3 d5 3. cxd5 exd5 4. d4 Nf6 5. Bg2 c6 6. Nc3 Nbd7 7. e3 Bd6 8.
Nge2 O-O 9. O-O Re8 10. Bd2 Nf8 11. Re1 Bf5 12. f3 h6 13. Rc1 Qd7 14. e4 dxe4
15. fxe4 Nxe4 16. Nxe4 Bxe4 17. Nf4 Bxg2 18. Nxg2 Rxe1+ 19. Qxe1 Rd8 20. Qf2
Bc7 21. Rd1 Qxd4 22. Ne3 Bb6 23. Bc1 Qxd1+ 0-1